| 000 | 02652cam a2200301 i 4500 | ||
|---|---|---|---|
| 001 | 14873639 | ||
| 005 | 20250616110857.0 | ||
| 008 | 190328s2020 enka b 001 0 eng | ||
| 010 | _a 2019014898 | ||
| 020 |
_a9781509529308 _qhardcover |
||
| 035 | _a(DLC) 2019014898 | ||
| 035 | _a14873639 | ||
| 040 |
_aDLC _beng _erda _cDLC _dOCLCO _dBDX _dOCLCF _dCHVBK _dOCLCO _dOCLCQ _dYDX _dOCLCO _dFIE |
||
| 041 | _aeng | ||
| 042 | _apcc | ||
| 050 | 0 | 0 |
_aHM742 _b.V45 2020 |
| 100 |
_aVeltri, Giuseppe A., _eauthor. _0http://id.loc.gov/authorities/names/n2009047720 _925424 |
||
| 245 | 1 | 0 |
_aDigital social research _c/ Giuseppe A. Veltri. |
| 264 | 1 |
_aCambridge, UK ; _aMedford, MA : _bPolity Press, _c2020. |
|
| 300 |
_axiv, 231 pages ; _c24 cm |
||
| 504 | _aIncludes bibliographical references and index. | ||
| 505 | 0 | _aSocial research using digital data and methods — Unobtrusive vs obtrusive methods — Online obtrusive data collection methods — Quantitative data analysis reloaded — Networks and data — Text mining — Final remarks — References. | |
| 520 |
_aTo analyse social and behavioral phenomena in our digitalized world, it's necessary to understand the main research opportunities and challenges specific to online and digital social research. This book presents an overview of the many techniques that are part of the fundamental toolbox of the digital social scientist. Placing online methods within the wider tradition of social research methods, Giuseppe Veltri discusses the methodological principles and related frameworks that underlie each technique of digital research. This useful guide covers methodological issues such as different digital data types, sampling for big data, construct validity, and representativeness. It looks at different forms of unobtrusive data collection methods (web scraping, social media mining) as well as obtrusive methods (qualitative methods, web surveys, and experiments). Special attention is given to three key analytical approaches, explored in more detail: computational approaches to statistical analysis, text mining, and network analysis. Digital Social Research Methods will be a welcome and essential resource for students and researchers across the social sciences and humanities carrying out digital research or interested in the future of social research. -- _cProvided by publisher. |
||
| 650 | 0 |
_aSocial media _xResearch. |
|
| 650 | 0 |
_aSocial sciences _x Research _x Data processing _0http://id.loc.gov/authorities/subjects/sh2010113688 _912287 |
|
| 650 | 0 |
_aSocial sciences _xResearch _xMethodology _0http://id.loc.gov/authorities/subjects/sh2008111864 _94388 |
|
| 942 | _2lcc | ||
| 999 |
_c4733 _d4733 |
||